| 000 | 00560nam a2200181 4500 | ||
|---|---|---|---|
| 001 | 113882 | ||
| 003 | ES-MaACL | ||
| 005 | 20230906190027.0 | ||
| 007 | t| | ||
| 008 | 061121s1972 sp r ||||1| spa d | ||
| 100 | 1 |
_aNorberg-Schulz, Christian. _985955 |
|
| 245 | 1 | 0 |
_aArquitectura barroca / _cChristian Norberg-Schulz ; traducción de Luis Escolar Bareño. |
| 250 | _a1ª. ed. | ||
| 260 |
_aMadrid : _bAguilar, _c1972. |
||
| 300 |
_a406 p., 93 lám. : _bil. ; _c29 cm. |
||
| 700 | 1 |
_aEscolar Bareño, Luis. _947605 |
|
| 852 |
_aES-MaACL _jC-47220 _bR.84886 |
||
| 999 |
_c113882 _d113882 |
||